000 01462nam0a22002771 4500
001 rc\883850
005 20041129093815.6
035 _a(NLR Aleph) 006061064
090 _a4909618
_c4909618
100 _a20041129d1983 u |0rusy50 ca
101 0 _arus
102 _aRU
105 _ay |||||||||
200 1 _aВыявление хищений экономико-криминалистическими средствами
_eУчеб. пособие
_f[С.П. Голубятников, Г.В. Дашков, Э.Д. Куранова и др.]
_gПод общ. ред. С.П. Голубятникова и др.
210 _aГорький
_cГорьков. высш. шк. МВД СССР
_d1983 (вып. дан. 1984)
215 _a91 с.
_d20
300 _aАвт. указаны на обороте тит. л.
300 _aВ надзаг.: Всесоюз. ин-т по изуч. причин и разраб. мер предупреждения преступности, Горьков. высш. шк. МВД СССР
320 _aБиблиогр.: с. 89-91 (44 назв.)
701 1 _aГолубятников
_bС. П.
_gСевир Павлович
712 0 2 _aВсесоюзный ин-т по изучению причин и разработке мер предупреждения преступности
_3RU\NLR\AUTH\887230
801 0 _aRU
_bNLR
_gpsbo
801 1 _aRU
_bELAR
_2rusmarc
852 _aNLR
_j85-4/57
942 _cBOOK
980 _aNB